| 000 | 01161pam a2200301 a 4500 | ||
|---|---|---|---|
| 001 | 3351673 | ||
| 003 | NUST | ||
| 005 | 20240229110055.0 | ||
| 008 | 860730s1987 ilu b 101 0 eng | ||
| 010 | _a 86019236 | ||
| 020 | _a9780226734392 | ||
| 038 | _aMalang Jan | ||
| 040 |
_aDLC _cDLC _dDLC |
||
| 050 | 0 | 0 |
_aB809.6 _b.D43 1987 |
| 082 | 0 | 0 |
_a149 _219 _bDEC |
| 245 | 0 | 0 |
_aDeconstruction and philosophy : _bthe texts of Jacques Derrida / _cedited by John Sallis. |
| 260 |
_aChicago : _bUniversity of Chicago Press, _c1987. |
||
| 300 |
_axv, 207 p. ; _c24 cm. |
||
| 500 | _aPapers presented at the international conference held at Loyola University of Chicago, Mar. 22-23, 1985. | ||
| 504 | _aIncludes bibliographical references and index. | ||
| 600 | 1 | 0 |
_aDerrida, Jacques _xCongresses. _9121661 |
| 650 | 0 |
_aDeconstruction _xCongresses. _9121662 |
|
| 700 | 1 |
_aSallis, John, _d1938- _9121663 |
|
| 856 | 4 | 2 |
_3Publisher description _uhttp://www.loc.gov/catdir/description/uchi051/86019236.html |
| 856 | 4 | 1 |
_3Table of contents _uhttp://www.loc.gov/catdir/toc/uchi051/86019236.html |
| 906 |
_a7 _bcbc _corignew _d1 _eocip _f19 _gy-gencatlg |
||
| 942 |
_2ddc _cBK |
||
| 999 |
_c608471 _d608471 |
||